|
|
|
|
| LEADER |
00000nam a2200000 a 4500 |
| 001 |
UCT8320 |
| 003 |
CL-VaPUC |
| 008 |
970326e19750000US |||||||||||||||||eng|d |
| 082 |
0 |
4 |
|a 519.5
|b LIN
|2 21
|
| 100 |
|
|
|a Lindgren, Bernard W.
|e autor
|9 497966
|
| 245 |
1 |
0 |
|a Basic ideas of statistics
|
| 300 |
|
|
|a 352 p
|
| 942 |
|
|
|c BK
|
| 945 |
|
|
|d 19970326 00:00:00
|a nastorga
|
| 260 |
|
|
|a Nueva York
|b Macmillan
|c 1975
|
| 650 |
|
0 |
|a Estadística matemática
|9 260028
|
| 650 |
|
0 |
|a Gestión de datos
|9 353312
|
| 583 |
|
|
|a last modification
|c 20170510 02:05:50
|k Rodrigo Vera
|
| 999 |
|
|
|c 256830
|d 256828
|
| 952 |
|
|
|0 0
|1 0
|4 0
|6 519_500000000000000_LIN_1975
|7 0
|8 A
|9 279832
|a BIBENE
|b BIBENE
|d 2019-11-19
|i 3275442
|o 519.5 LIN 1975
|p 3275442
|r 2025-01-15
|w 2019-11-19
|y BK
|k ICO
|
| 952 |
|
|
|0 0
|1 0
|4 0
|6 519_500000000000000_LIN_1975
|7 0
|8 A
|9 279833
|a BIBGIM
|b BIBGIM
|d 2019-11-19
|i 1308491
|o 519.5 LIN 1975
|p 1308491
|r 2025-01-15
|w 2019-11-19
|y BK
|k EST
|